00382pab a2200121 454500008004000000100002500040245010400065260000900169300001400178362000800192650002600200773003400226180718b2012 xxu||||| |||| 00| 0 eng d aMishra, Priti Sharma aTowards understanding the role of emotions in workplace performance: A review and future directions c2012 ap.93-106. aMay aEmotional development aManagement and Labour Studies